[Event "Pardubice Czech op-B 26th"]
[Site "Pardubice"]
[Date "2015.07.31"]
[Round "8"]
[White "Paldus, Petr"]
[Black "Nikolaev, Leonid"]
[Result "0-1"]
[WhiteElo "2038"]
[BlackElo "2311"]
[PlyCount "60"]
[EventDate "2015.07.24"]
[EventType "swiss"]
[EventRounds "9"]
[EventCountry "CZE"]
[SourceTitle "EXT 2017"]
[Source "ChessBase"]
[SourceDate "2016.10.25"]
[SourceVersion "1"]
[SourceVersionDate "2016.10.25"]
[SourceQuality "1"]

1. e4 c5 2. b3 e5 3. g3 g6 4. Bb2 Bg7 5. Bg2 Ne7 6. f4 Nbc6 7. Nf3 d6 8. d3 0-0 9. fxe5 Bg4 10. Nbd2 Nxe5 11. Qc1 Bxf3 12. Nxf3 Qa5+ 13. Ke2 N7c6 14. Qd2 Qc7 15. Nxe5 Bxe5 16. c3 b5 17. d4 Bg7 18. Rhf1 cxd4 19. cxd4 Qb6 20. Rfd1 f5 21. e5 dxe5 22. dxe5 Rad8 23. Qf4 Nxe5 24. Rxd8 Rxd8 25. Rd1 Re8 26. Kf1 Ng4 27. Bd5+ Kh8 28. Rd4 Ne3+ 29. Kg1 Nxd5 30. Qd2 Re4 0-1

[Event "Pardubice Czech op-B 24th"]
[Site "Pardubice"]
[Date "2013.07.21"]
[Round "3"]
[White "Marikova, Jana"]
[Black "Nikolaev, Leonid"]
[Result "1-0"]
[WhiteElo "2056"]
[BlackElo "2293"]
[PlyCount "80"]
[EventDate "2013.07.19"]
[EventType "swiss"]
[EventRounds "9"]
[EventCountry "CZE"]
[SourceTitle "CBM 155 Extra"]
[Source "ChessBase"]
[SourceDate "2013.08.26"]
[SourceVersion "1"]
[SourceVersionDate "2013.08.26"]
[SourceQuality "1"]

1. d4 Nf6 2. c4 e6 3. Nf3 c5 4. d5 exd5 5. cxd5 d6 6. Nc3 g6 7. e4 Bg7 8. Be2 0-0 9. 0-0 Re8 10. Nd2 a6 11. a4 Nbd7 12. Qc2 Ne5 13. h3 g5 14. Nc4 Nxc4 15. Bxc4 g4 16. h4 Nd7 17. Bg5 f6 18. Bf4 Ne5 19. Ne2 f5 20. Ng3 fxe4 21. Bg5 Qc7 22. Nxe4 Bf5 23. Nf6+ Bxf6 24. Qxf5 Bxg5 25. Qxg5+ Qg7 26. Qxg7+ Kxg7 27. Rac1 Rf8 28. Rc3 Rf4 29. b3 Raf8 30. Be2 h5 31. g3 Rd4 32. Rd1 Rf3 33. Re3 Rxe3 34. fxe3 Rb4 35. Rb1 c4 36. Bd1 Nf3+ 37. Bxf3 gxf3 38. Kf2 cxb3 39. Kxf3 a5 40. Ke2 b5 1-0

[Event "Nabokov Memorial-B 11th"]
[Site "Kiev"]
[Date "2013.05.12"]
[Round "7"]
[White "Nikolaev, Leonid"]
[Black "Melnichuk, Mikhail"]
[Result "1/2-1/2"]
[WhiteElo "2275"]
[BlackElo "2355"]
[PlyCount "32"]
[EventDate "2013.05.07"]
[EventType "tourn"]
[EventRounds "9"]
[EventCountry "UKR"]
[EventCategory "3"]
[SourceTitle "CBM 154 Extra"]
[Source "ChessBase"]
[SourceDate "2013.06.25"]
[SourceVersion "2"]
[SourceVersionDate "2013.06.25"]
[SourceQuality "1"]

1. Nf3 Nf6 2. c4 e6 3. g3 d5 4. Bg2 dxc4 5. Qa4+ c6 6. Qxc4 b5 7. Qb3 Bb7 8. d4 Nbd7 9. a4 a6 10. 0-0 Be7 11. Rd1 Qb6 12. Nc3 0-0 13. Bf4 Rfd8 14. e4 b4 15. a5 Qa7 16. Na4 Rac8 1/2-1/2

[Event "Split op 2nd"]
[Site "Split"]
[Date "2012.08.15"]
[Round "5"]
[White "Marcic, Ivica"]
[Black "Nikolaev, Leonid"]
[Result "0-1"]
[WhiteElo "2009"]
[BlackElo "2271"]
[PlyCount "88"]
[EventDate "2012.08.11"]
[EventType "swiss"]
[EventRounds "9"]
[EventCountry "CRO"]
[SourceTitle "CBM 149 Extra"]
[Source "ChessBase"]
[SourceDate "2012.08.24"]
[SourceVersion "1"]
[SourceVersionDate "2012.08.24"]
[SourceQuality "1"]

1. e4 c5 2. Nf3 d6 3. c3 Nf6 4. Be2 Nbd7 5. d3 b6 6. 0-0 Bb7 7. Nbd2 e6 8. Re1 Be7 9. Bf1 0-0 10. d4 cxd4 11. cxd4 e5 12. b3 Re8 13. Bb2 Bf8 14. d5 a6 15. Bd3 Nh5 16. Nc4 b5 17. Ne3 Nf4 18. Bf1 g6 19. g3 Nh5 20. Rc1 Ng7 21. Bh3 Nc5 22. Nc2 Bc8 23. Bg2 f5 24. exf5 gxf5 25. Bf1 Bd7 26. b4 Ne4 27. Nd2 Nf6 28. Nb3 Qb6 29. Qd2 Rac8 30. Ne3 Ngh5 31. Rxc8 Rxc8 32. Rc1 Rxc1 33. Bxc1 f4 34. gxf4 Nxf4 35. Bg2 Bh6 36. Qc2 Qd8 37. Bf3 Qe8 38. Kf1 e4 39. Be2 Qg6 40. Nd4 Bh3+ 41. Ke1 Qg1+ 42. Kd2 N4xd5 43. Qb3 Qxf2 44. Ndc2 Bg4 0-1

[Event "Olomouc op"]
[Site "Olomouc"]
[Date "2012.08.06"]
[Round "6"]
[White "Sochorova, Petra"]
[Black "Nikolaev, Leonid"]
[Result "1/2-1/2"]
[WhiteElo "2214"]
[BlackElo "2271"]
[PlyCount "136"]
[EventDate "2012.08.02"]
[EventType "swiss"]
[EventRounds "9"]
[EventCountry "CZE"]
[SourceTitle "CBM 149 Extra"]
[Source "ChessBase"]
[SourceDate "2012.08.24"]
[SourceVersion "1"]
[SourceVersionDate "2012.08.24"]
[SourceQuality "1"]

1. e4 c5 2. Nf3 d6 3. d4 cxd4 4. Nxd4 Nf6 5. Nc3 Nc6 6. Bc4 Qb6 7. Be3 Qxb2 8. Ndb5 Qb4 9. Bd3 Qa5 10. Rb1 e6 11. 0-0 Be7 12. Qd2 0-0 13. Be2 a6 14. Nd4 Nxd4 15. Bxd4 b5 16. Qe3 Nd7 17. Qg3 Bf6 18. Bxf6 Nxf6 19. f4 b4 20. e5 Qc5+ 21. Kh1 Qxc3 22. Qxc3 bxc3 23. exf6 gxf6 24. Rf3 Bd7 25. Rxc3 Rfc8 26. Rxc8+ Rxc8 27. c4 Kf8 28. Kg1 Rc5 29. Rb8+ Ke7 30. Ra8 Ra5 31. c5 dxc5 32. Rxa6 Rxa6 33. Bxa6 Kd6 34. Kf2 Kd5 35. Bd3 f5 36. Ke3 h6 37. g3 c4 38. Bc2 Kc5 39. a3 Bc6 40. h4 Be8 41. Bd1 Bb5 42. a4 Bc6 43. a5 Bb5 44. Bh5 f6 45. Bf7 Kd5 46. Kd2 Ba6 47. Kc3 Kd6 48. Bg6 Kc5 49. Bf7 Bc8 50. a6 Kb6 51. Kxc4 Bxa6+ 52. Kd4 Bc8 53. Be8 Bb7 54. Ba4 Kc7 55. Bd1 Kd6 56. g4 e5+ 57. Kc3 Bc8 58. gxf5 Bxf5 59. Bf3 Bh3 60. Bh5 Ke6 61. Be8 Bg2 62. Bg6 f5 63. Be8 Kf6 64. Bd7 Bd5 65. Ba4 Bf7 66. Bd1 e4 67. Be2 Kg6 68. Kd4 Kf6 1/2-1/2

[Event "St Petersburg Botvinnik 100 op"]
[Site "St Petersburg"]
[Date "2011.08.18"]
[Round "7"]
[White "Shirokov, Alexander"]
[Black "Nikolaev, Leonid"]
[Result "0-1"]
[WhiteElo "1888"]
[BlackElo "2342"]
[PlyCount "34"]
[EventDate "2011.08.12"]
[EventType "swiss"]
[EventRounds "9"]
[EventCountry "RUS"]
[SourceTitle "CBM 143 Extra"]
[Source "ChessBase"]
[SourceDate "2011.08.29"]
[SourceVersion "1"]
[SourceVersionDate "2011.08.29"]
[SourceQuality "1"]

1. d4 Nf6 2. Nf3 g6 3. b3 Bg7 4. Bb2 0-0 5. g3 c5 6. c4 cxd4 7. Nxd4 d5 8. Nd2 e5 9. N4f3 e4 10. Nd4 e3 11. fxe3 Ng4 12. Qc2 Nxe3 13. Qd3 Re8 14. Bc3 dxc4 15. Nxc4 Bxd4 16. Nxe3 Bxe3 17. Qc2 Qd5 0-1

[Event "St Petersburg Botvinnik 100 op"]
[Site "St Petersburg"]
[Date "2011.08.13"]
[Round "2"]
[White "Nikolaev, Leonid"]
[Black "Yemelin, Vasily"]
[Result "0-1"]
[WhiteElo "2342"]
[BlackElo "2592"]
[PlyCount "124"]
[EventDate "2011.08.12"]
[EventType "swiss"]
[EventRounds "9"]
[EventCountry "RUS"]
[SourceTitle "CBM 143 Extra"]
[Source "ChessBase"]
[SourceDate "2011.08.29"]
[SourceVersion "1"]
[SourceVersionDate "2011.08.29"]
[SourceQuality "1"]

1. d4 Nf6 2. Nf3 d5 3. c4 e6 4. e3 c5 5. Nc3 Nc6 6. cxd5 Nxd5 7. Bd3 cxd4 8. exd4 Bb4 9. Bd2 0-0 10. 0-0 Be7 11. a3 Bf6 12. Be3 Nxe3 13. fxe3 g6 14. Rc1 Bg7 15. Qe2 Qe7 16. Bc4 Bd7 17. Rcd1 Rad8 18. Kh1 Bc8 19. Ba2 Kh8 20. Qf2 f5 21. Qg3 Bf6 22. Rfe1 Qd6 23. Qh3 Qc7 24. d5 exd5 25. Nxd5 Qg7 26. Nxf6 Qxf6 27. Qh6 Qg7 28. Qh4 Rxd1 29. Rxd1 Qxb2 30. Ng5 h5 31. Bd5 Qe2 32. Bf3 Qxe3 33. Bxc6 bxc6 34. Re1 Qc3 35. Nf3 f4 36. Qg5 Kg7 37. Re7+ Rf7 38. Rxf7+ Kxf7 39. Qxf4+ Bf5 40. Ng5+ Ke7 41. h4 Kd7 42. a4 Qd3 43. Kg1 Qd1+ 44. Kf2 Qg4 45. Qd2+ Kc8 46. Nf3 Qxa4 47. Qd6 Qa2+ 48. Kg3 Qd5 49. Qa3 a5 50. Qc3 Kb7 51. Nd4 Qd6+ 52. Kf3 Be6 53. Qb2+ Kc7 54. Qc3 Bd5+ 55. Kf2 Qf4+ 56. Kg1 Kb6 57. Qb2+ Kc7 58. Qc3 Kb6 59. Qb2+ Kc5 60. Nc2 Qd2 61. Qa3+ Kb6 62. Qb2+ Ka6 0-1

[Event "Myrhorod op"]
[Site "Myrhorod"]
[Date "2011.07.11"]
[Round "5"]
[White "Andrienko, Petr"]
[Black "Nikolaev, Leonid"]
[Result "1-0"]
[WhiteElo "2021"]
[BlackElo "2342"]
[PlyCount "85"]
[EventDate "2011.07.09"]
[EventType "swiss"]
[EventRounds "9"]
[EventCountry "UKR"]
[SourceTitle "CBM 143 Extra"]
[Source "ChessBase"]
[SourceDate "2011.08.29"]
[SourceVersion "1"]
[SourceVersionDate "2011.08.29"]
[SourceQuality "1"]

1. e4 c5 2. c3 Nf6 3. e5 Nd5 4. d4 cxd4 5. cxd4 d6 6. exd6 Qxd6 7. Nf3 Nc6 8. Nc3 Bg4 9. Be2 e6 10. 0-0 Be7 11. h3 Bh5 12. Qb3 0-0 13. Nxd5 Qxd5 14. Qxd5 exd5 15. Be3 Bf6 16. g4 Bg6 17. g5 Bd8 18. Nh4 Bb6 19. Nxg6 fxg6 20. Rfd1 Ne7 21. Bg4 Nf5 22. Rac1 Rae8 23. Rd3 Rf7 24. a4 Nd6 25. a5 Bxa5 26. Rc5 Bb6 27. Rxd5 Nf5 28. Re5 Kf8 29. Bd2 Rd8 30. Bb4+ Kg8 31. d5 h5 32. Bxf5 gxf5 33. Be7 Rd7 34. d6 g6 35. Kf1 f4 36. Ke2 Bd8 37. Bxd8 Rxd8 38. Kf3 Rfd7 39. Re6 Kg7 40. Ke4 Rf7 41. Rc3 b5 42. Rc7 Rdd7 43. Re7 1-0

[Event "Nabokov Memorial-B 9th"]
[Site "Kiev"]
[Date "2011.04.25"]
[Round "9.1"]
[White "Nikolaev, Leonid"]
[Black "Melnichuk, Mikhail"]
[Result "1/2-1/2"]
[WhiteElo "2338"]
[BlackElo "2319"]
[PlyCount "42"]
[EventDate "2011.04.18"]
[EventType "tourn"]
[EventRounds "9"]
[EventCountry "UKR"]
[EventCategory "3"]
[SourceTitle "CBM 142 Extra"]
[Source "ChessBase"]
[SourceDate "2011.06.27"]
[SourceVersion "1"]
[SourceVersionDate "2011.06.27"]
[SourceQuality "1"]

1. d4 Nf6 2. Nf3 d5 3. c4 c6 4. cxd5 cxd5 5. Nc3 Nc6 6. Bf4 Bf5 7. e3 e6 8. Bd3 Bxd3 9. Qxd3 Bd6 10. Bxd6 Qxd6 11. 0-0 0-0 12. Rfc1 Rfc8 13. h3 h6 14. a3 a6 15. Rc2 Rc7 16. Rac1 Rac8 17. Na4 Ne7 18. Rxc7 Rxc7 19. Rxc7 Qxc7 20. Qc3 Qxc3 21. Nxc3 Kf8 1/2-1/2

[Event "Nabokov Memorial-B 9th"]
[Site "Kiev"]
[Date "2011.04.24"]
[Round "8"]
[White "Kernazhitsky, Leonid"]
[Black "Nikolaev, Leonid"]
[Result "1/2-1/2"]
[WhiteElo "2342"]
[BlackElo "2338"]
[PlyCount "116"]
[EventDate "2011.04.18"]
[EventType "tourn"]
[EventRounds "9"]
[EventCountry "UKR"]
[EventCategory "3"]
[SourceTitle "CBM 142 Extra"]
[Source "ChessBase"]
[SourceDate "2011.06.27"]
[SourceVersion "1"]
[SourceVersionDate "2011.06.27"]
[SourceQuality "1"]

1. e4 c5 2. Ne2 Nc6 3. g3 d5 4. Bg2 dxe4 5. Bxe4 Qd7 6. Nbc3 Nf6 7. Bg2 e6 8. d3 b6 9. 0-0 Bb7 10. Ne4 Be7 11. a4 0-0 12. h3 Rad8 13. Be3 Nd5 14. Bd2 e5 15. f4 exf4 16. gxf4 f5 17. Nf2 Bf6 18. c3 Rfe8 19. Nc1 Ne3 20. Bxe3 Rxe3 21. Qd2 Rg3 22. Nh1 Rg6 23. Kh2 Bh4 24. Bf3 Na5 25. Qd1 Re8 26. Bxb7 Qxb7 27. Qf3 Qxf3 28. Rxf3 Re1 29. Ng3 Bxg3+ 30. Rxg3 Nb3 31. Rxg6 Nxa1 32. Rg1 Re3 33. Kg2 Nc2 34. Rd1 Re6 35. Kf2 Kf7 36. Ne2 Ne3 37. Rd2 Nd5 38. c4 Nf6 39. b3 Rd6 40. Ke3 h6 41. Ng3 Ke6 42. h4 Ng4+ 43. Kf3 a6 44. Ne2 Nf6 45. d4 cxd4 46. Nxd4+ Kf7 47. Ke3 Rd8 48. a5 Re8+ 49. Kd3 Nd7 50. Re2 Nc5+ 51. Kc3 Rxe2 52. Nxe2 bxa5 53. b4 Ne4+ 54. Kb3 axb4 55. Kxb4 g5 56. fxg5 hxg5 57. hxg5 Kg6 58. c5 Nxc5 1/2-1/2

[Event "Cesky Krumlov op 4th"]
[Site "Cesky Krumlov"]
[Date "2010.11.25"]
[Round "6"]
[White "Nemcova, Katerina"]
[Black "Nikolaev, Leonid"]
[Result "1/2-1/2"]
[WhiteElo "2287"]
[BlackElo "2308"]
[PlyCount "22"]
[EventDate "2010.11.21"]
[EventType "swiss"]
[EventRounds "9"]
[EventCountry "CZE"]
[SourceTitle "CBM 139 Extra"]
[Source "ChessBase"]
[SourceDate "2011.01.05"]
[SourceVersion "1"]
[SourceVersionDate "2011.01.05"]
[SourceQuality "1"]

1. e4 c5 2. Nf3 Nc6 3. d4 cxd4 4. Nxd4 g6 5. Nc3 Bg7 6. Be3 Nf6 7. Bc4 Qa5 8. 0-0 0-0 9. Bb3 d6 10. h3 Bd7 11. Qd3 Qh5 1/2-1/2

[Event "Cesky Krumlov op 4th"]
[Site "Cesky Krumlov"]
[Date "2010.11.24"]
[Round "4"]
[White "Semenova, Irina"]
[Black "Nikolaev, Leonid"]
[Result "0-1"]
[WhiteElo "2243"]
[BlackElo "2308"]
[PlyCount "78"]
[EventDate "2010.11.21"]
[EventType "swiss"]
[EventRounds "9"]
[EventCountry "CZE"]
[SourceTitle "CBM 139 Extra"]
[Source "ChessBase"]
[SourceDate "2011.01.05"]
[SourceVersion "1"]
[SourceVersionDate "2011.01.05"]
[SourceQuality "1"]

1. e4 c5 2. Nf3 d6 3. d4 cxd4 4. Nxd4 Nf6 5. Nc3 Nc6 6. Bg5 Bd7 7. Qd2 Rc8 8. f4 h6 9. Bh4 g5 10. fxg5 hxg5 11. Bxg5 Bg7 12. Nxc6 bxc6 13. Be2 Rb8 14. Rb1 Ng4 15. Bxg4 Bxg4 16. 0-0 Qa5 17. Bf4 Be6 18. Qf2 Rb7 19. a3 Kd7 20. Bd2 Qh5 21. Qg3 Bd4+ 22. Kh1 Rbb8 23. Bf4 Rbg8 24. Qd3 Be5 25. Qf3 Rg4 26. Bxe5 Qxe5 27. g3 Rxg3 28. Qf4 Qg7 29. Rf2 Rg4 30. Qe3 c5 31. Rd1 Rg8 32. Rff1 Rg2 33. Rd2 Rxd2 34. Qxd2 Bh3 35. Qf2 Bg2+ 36. Kg1 Bf3+ 37. Qg3 Qd4+ 38. Rf2 Rxg3+ 39. hxg3 Bxe4 0-1

[Event "Myrhorod op"]
[Site "Myrhorod"]
[Date "2010.07.13"]
[Round "7"]
[White "Andrenko, Irina"]
[Black "Nikolaev, Leonid"]
[Result "0-1"]
[WhiteElo "2133"]
[BlackElo "2309"]
[PlyCount "98"]
[EventDate "2010.07.09"]
[EventType "swiss"]
[EventRounds "9"]
[EventCountry "UKR"]
[SourceTitle "CBM 137 Extra"]
[Source "ChessBase"]
[SourceDate "2010.09.01"]
[SourceVersion "1"]
[SourceVersionDate "2010.09.01"]
[SourceQuality "1"]

1. e4 c5 2. Nf3 d6 3. c3 Nf6 4. Be2 g6 5. 0-0 Bg7 6. d3 0-0 7. Nbd2 e5 8. d4 exd4 9. cxd4 cxd4 10. Nxd4 Re8 11. Bf3 Nbd7 12. Re1 Nc5 13. N4b3 Nd3 14. Re3 Ne5 15. h3 d5 16. exd5 Bf5 17. Nf1 Nxf3+ 18. Qxf3 Be4 19. Qd1 Qxd5 20. Qxd5 Nxd5 21. Re1 Nb4 22. f3 Bd5 23. Rd1 Rac8 24. Bf4 Bxb2 25. Rab1 Bxb3 26. axb3 Be5 27. Bxe5 Rxe5 28. Rd7 Rc2 29. Rxb7 Nd3 30. Ng3 Nf4 31. Ne4 Rxg2+ 32. Kh1 Ra2 33. Rd1 Nxh3 34. Rdd7 Ng5 35. Rxa7 Rxa7 36. Rxa7 Nxe4 37. fxe4 Rxe4 38. Rb7 Re2 39. b4 Rb2 40. b5 Kg7 41. b6 h5 42. Rb8 Kf6 43. b7 Kg5 44. Kg1 h4 45. Kh1 Kg4 46. Kg1 Kg3 47. Kf1 h3 48. Rc8 Rb1+ 49. Ke2 Rxb7 0-1